Fundamentos de la geología de Chile
Gespeichert in:
| 1. Verfasser: | |
|---|---|
| Format: | Buch |
| Sprache: | Spanisch |
| Veröffentlicht: |
Santiago
Instituto Geográfico Militar
1950
|
| Schlagworte: | |
| Tags: |
Tag hinzufügen
Keine Tags, Fügen Sie den ersten Tag hinzu!
|
MARC
| LEADER | 00000nam a2200000 a 4500 | ||
|---|---|---|---|
| 001 | UCU4568 | ||
| 003 | CL-VaPUC | ||
| 008 | 960524e19500000CL |||||||||||||||||spa|d | ||
| 082 | 0 | 4 | |a 551 |b BRU |2 21 |
| 100 | |a Bruggen, Juan |e author |9 362414 | ||
| 245 | 1 | 0 | |a Fundamentos de la geología de Chile |
| 300 | |a 354 p | ||
| 942 | |c BK | ||
| 945 | |d 19960524 00:00:00 |a cmena | ||
| 260 | |a Santiago |b Instituto Geográfico Militar |c 1950 | ||
| 650 | 0 | |a Geología |9 260984 | |
| 650 | 0 | |a Rocas |9 266105 | |
| 650 | 7 | |a GEOLOGIA HISTORICA |2 CL-VaPUC |9 362218 | |
| 650 | 7 | |a TECTONICA |2 CL-VaPUC |9 266608 | |
| 650 | 0 | |a Geofísica |9 261453 | |
| 650 | 0 | |a Vulcanología |9 360597 | |
| 650 | 0 | |a Sismología |9 268106 | |
| 650 | 7 | |a GLACIOLOGIA |2 CL-VaPUC |9 330910 | |
| 650 | 0 | |a Geología marina |9 350527 | |
| 651 | 7 | |a CHILE |2 CL-VaPUC |9 362219 | |
| 583 | |a last modification |c 19960524 00:00:00 |k Rodrigo Vera | ||
| 999 | |c 248244 |d 248242 | ||
| 952 | |0 0 |1 0 |4 0 |6 551_000000000000000_BRU_1950 |7 0 |8 A |9 264743 |a BIBING |b BIBING |d 2019-11-19 |i 1666746 |o 551 BRU 1950 |p 1666746 |r 2025-01-20 |w 2019-11-19 |y BK |k GEO | ||